Online Public Access Catalog -OPAC

Histoire generale des techniques. (Record no. 20276)

MARC details
000 -LEADER
fixed length control field 00325nam a2200097Ia 4500
008 - FIXED-LENGTH DATA ELEMENTS--GENERAL INFORMATION
fixed length control field 180412s9999||||xx |||||||||||||| ||und||
040 ## - CATALOGING SOURCE
Original cataloging agency Ahmadu Bello University Library - Zaria
100 ## - MAIN ENTRY--PERSONAL NAME
Personal name Daumas, Maurice
245 #0 - TITLE STATEMENT
Title Histoire generale des techniques.
Statement of responsibility, etc. Maurice Daumas (ed.)
260 ## - PUBLICATION, DISTRIBUTION, ETC.
Name of publisher, distributor, etc. Presses Universitairs de France; Paris
Date of publication, distribution, etc. 1962
300 ## - PHYSICAL DESCRIPTION
Extent 4 vols.

No items available.

Customized by ICT Technical Service Unit on 29th Dec 2022

Kashim Ibrahim Library